| 000 | 00324nam a22001337a 4500 | ||
|---|---|---|---|
| 020 | _a0-590-22657-6 | ||
| 082 |
_a823 _bTED/G |
||
| 100 | _aTEDROW, T L | ||
| 245 |
_aTHE GREAT DEBATE _bTHE DAYS OF LAURA INGALLS WILDER |
||
| 260 |
_aNEW YORK _bSCHOLASTIC _c1992 |
||
| 300 | _a229 | ||
| 650 |
_aNOVEL _zUNITED STATES |
||
| 942 | _cBK | ||
| 999 |
_c4032 _d4032 |
||